00663nam a2200229 a 4500001001300000003000900013005001700022008004100039020002300080082001700103100001500120245004100135260002400176300000900200500003500209505001700244650002400261902000800285942000700293952011800300999001500418nice12345678IN_TiNIC20260116012834.0050524s1989 gena grp 000 0 eng  a2825432 c13800a297.172bARA aArai, Tosh aSpirituality in Interfaith Dialogue. aGeneva bWCC c1989 a103p aincludes index and biblioraphy2 aBibliography aInterfaith Dialogue bSRS cBK 001040708StackRoom-aHMIbHMId2011-08-10g138.00l0o297.172 ARAp013947r2011-08-10v138.00w2005-05-24yBK c8587d8587